banner-ar

سيناريو الازمات و الكوارث : (Record no. 60151)

MARC details
000 -الفاتح
حقل البيانات ثابتة الطول 00785nam a22002297a 4500
005 - وقت وتاريخ اخر تعامل مع التسجيلة
رقم الضبط 20240530110355.0
008 - عناصر البيانات ثابتة الطول - معلومات عامة
حقل البيانات ثابتة الطول 150106s2009 ua d f b 000 0 ara d
017 ## - رقم الايداع القانونى
رقم الايداع القانونى 2008/11307
المصدر ( الهيئة المختصة) مصر . دار الكتب المصرية
020 ## - الرقم الدولى المعيارى للكتب
الرقم الدولى المعيارى للكتاب 9773831434
040 ## - مصدر الفهرسة
وكالة الفهرسة الأصلية EG-CaGPL
041 0# - رمز اللغة
رمز لغة النص/ المسارات الصوتية أو العنوان الانفرادي ara
082 04 - رقم تصنيف ديوى العشرى
رقم الطبعة 21
رقم التصنيف 658.4056\
رقم المادة ج س
100 0# - المدخل الرئيسى - إسم شخصى
الإسم الشخصى جمال حواش
245 10 - بيان العنوان
العنوان سيناريو الازمات و الكوارث :
بقية العنوان تطبيقات عملية /
بيان المسئوليه,etc جمال حواش
260 ## - PUBLICATION, DISTRIBUTION, ETC. (IMPRINT)
تاريخ النشر أو التوزيع 2009
300 ## - الوصف المادى
التعداد 250 ص :
تفاصيل ماديه اخرى للوعاء جداول ،
أبعاد الوعاء 24 سم
650 04 - المدخل الاضافى بالموضوع-مصطلح موضوعى
مصطلح موضوعي ادارة الازمات
650 04 - المدخل الاضافى بالموضوع-مصطلح موضوعى
مصطلح موضوعي الكوارث
التقسيم الفرعي العام ادارة
650 04 - المدخل الاضافى بالموضوع-مصطلح موضوعى
مصطلح موضوعي السيول
التقسيم الفرعي العام ادارة
942 ## - عناصر المدخل الإضافي( كوها)
مصدر التصنيف او مخطط الترفيف Dewey Decimal Classification
Koha [default] item type كتاب
260 ## - PUBLICATION, DISTRIBUTION, ETC. (IMPRINT)
-- القاهرة :
-- مكتبة ايتراك ،
Holdings
حالة التراجع حالة الفقد حالة تلف ليس للاعارة المكان المؤقت الموقع الحالى تاريخ الاكتساب اجمالي اﻻعارات رقم الطلب الباركود تاريخ اخر مشاهدة تاريخ تفعيل السعر نوع وعاء كوها
        مكتبة القاهرة الكبرى مكتبة القاهرة الكبرى 01/06/2015   658.4056\ ج س 159147 01/06/2015 01/06/2015 كتاب

Powered By

EGPV